Canadian Provinces by Population Density - Statistics

General Stats
  • This quiz has been taken 27 times
  • The average score is 12 of 13
Answers on the Map
Answers color-coded by a green-red scale on the quiz's map according to % correct below.
 
Answer Stats
per km² Province / Territory % Correct
17.81 Ontario
100%
31.53 Prince Edward Island
100%
0.10 Yukon
100%
7.75 Alberta
95%
6.20 British Columbia
95%
2.72 Manitoba
95%
12.03 New Brunswick
95%
1.47 Newfoundland and Labrador
95%
20.39 Nova Scotia
95%
6.72 Quebec
95%
2.13 Saskatchewan
95%
0.04 Northwest Territories
90%
0.02 Nunavut
86%
No matching quizzes found
Score Distribution
Percent of People with Each Score
Percentile by Number Answered
Your Score History
You have not taken this quiz